000 00975naa a22003017a 4500
001 BR7302623
003 BR-BrBNA
005 20240918173453.0
007 ta
008 230509b bl.||||| |||| 00| 0 por d
040 _aBR-BrBNA
_bpor
_cBiblioteca Nacional de Agricultura
041 _a(Pt)
072 _aF30
_b0180
_bG514
090 _aF30 BR7302623
100 1 _aDotto, S.R.
100 1 _aLanger, F.A.
100 1 _aIgnaczak, J.C.
100 1 _aPan, C.L.
111 1 _a5. Reuniao Anual Conjunta de Pesquisa de Trigo
_cPorto Alegre, RS (Brazil)
_d2 Apr 1973
245 1 _aResultados de ensaios internacionais na Estacao Experimental de Passo Fundo [Triticum aestivum, Brasil]
260 3 _aPasso Fundo, RS (Brasil):
_c1973.
500 _aTrigo - experimentacao Passo Fundo, RS (Brasil): 1973. p. 50-57 (BR7302623-AM)F30
650 _aTRIGO
650 _aACLIMATACAO
650 _aVARIEDADE
909 _a202404
_bLucia
_c55
_dLucia Elande
942 _cAM
_2AGRIS
999 _c304787
_d304787